000 00716nam a2200217 i 4500
001 62419
003 ES-MaACL
005 20230906164650.0
007 t|
008 031120s1966 sp ||||1| spa d
100 1 _aFernández, Pelayo H.
_9176611
245 1 3 _aEl problema de la personalidad en Unamuno y en San Manuel Bueno /
_cPelayo H. Fernández.
260 _aMadrid :
_bMayfe,
_c[1966]
300 _aXIII, 239 p. ;
_c18 cm.
600 1 4 _aUnamuno, Miguel de,
_d1864-1936-
_xFilosofía
_9111985
600 1 4 _aUnamuno, Miguel de,
_d1864-1936.
_tSan Manuel Bueno, mártir
_9172387
852 _aES-MaACL
_jA-6223
852 _aES-MaACL
_jC-31152
852 _aES-MaACL
_jC-55815
999 _c62419
_d62419